000 00305nam a2200121Ia 4500
008 190216s9999||||xx |||||||||||||| ||und||
100 _aShylendra Sankar
245 0 _aHindi-Bharathiya Samskrithi Yevam Ardhavyavastha
260 _bPavan Prakashan
_c2010
300 _a232
650 _aHindi
942 _cBK
999 _c16862
_d16862